Revista de derecho financiero y de hacienda pb︢lica

Detalles Bibliográficos
Formato: Desconocido
Lenguaje:español
Publicado: Madrid : Edersa
Materias:
Acceso en línea:Acceso restringido

MARC

LEADER 00000ny a22000003n 4500
005 2011050905465.0
008 940511c19512004sp br s 0 0 b0spa c
022 |a 0484-6885 
035 |a 222 
040 |a UMA.RE  |d vlex 
080 |a 336.1/.5(051) 
080 |a 347.73(051) 
090 |c 1443  |d 1443 
245 0 0 |a Revista de derecho financiero y de hacienda pb︢lica  |h [Recurso electrn̤ico] 
246 |a Revista de derecho financiero 
256 |a Servicio en ln̕ea 
260 |a Madrid :  |b Edersa 
310 |a Bimestral 
500 |a A partir de vol. 53, n2̆70 (2004): Revista de derecho financiero 
506 1 |a Contenido solo disponible en los productos indicados  |d vLex Global  |d vLex Global (Academic Edition, excluding Law Schools)  |d vLex Global (U.S. Academic Edition, Law Schools)  |d vLex Global (U.S. Academic Edition, excluding Law Schools)  |d vLex Global (Academic Edition, Law Schools) 
525 |a Tiene n̕dices de cada volumen 
650 0 7 |a Tributario  |2 Tesauro vLex 
650 0 7 |a Hacienda Pb︢lica  |2 Tesauro vLex 
650 0 7 |a Actividad financiera  |2 Tesauro vLex 
740 0 |a vLex Revista (Servicios en ln̕ea) 
853 |8 1  |i (year)  |j (month)  |k (day) 
856 4 0 |u http://vlex.com/source/222  |z Acceso restringido 
942 |c REV